000 00652nam a22001817a 4500
003 UA-OsUOA
001 13707
007 ta
008 20030617b un ||||| |||| 00| 0 ukr d
100 _aДякова Т.
942 _cSA
040 _aUA-OsUOA
_cUA-OsUOA
_dUA-OsUOA
245 _aІсторія медицини краю
_b[В Остроз. Держ. іст.-культ. заповіднику відбулася презентація вист. "Медицина - то енциклопедія життя"
300 _aС.3
955 _a0
773 0 _w0
_tОго
_dРівне
_d2003
_g№100/11 черв./
650 7 _aВиставки
_2UDC
999 _c299868
_d299868